Chanson disney « je te cherche » - Statistiques

Statistiques générales
  • Ce quiz a été pris 1 229 fois
  • Le résultat moyen est 172 sur 225
Statistiques - réponses
Hint Réponse % Correct
112 J’
99%
149 j
99%
152 | 219 j’
99%
1 | 24 | 62 | +10 others Je
98%
8 | 37 | 97 | +4 others je
98%
60 | 63 | 70 | +7 others te
97%
107 à
96%
64 | 156 | 198 | 225 cherche.
96%
71 | 86 | 134 cherche,
96%
206 cherche
96%
208 l’
94%
32 | 42 | 89 | +3 others de
90%
9 | 38 | 189 n’
90%
27 | 145 es
89%
28 | 146 | 213 la
89%
199 La
89%
35 me
89%
139 Me
89%
26 | 216 tu
88%
44 | 144 | 221 Tu
88%
10 | 39 ai
87%
34 | 100 Et
86%
79 et
86%
109 | 176 le
86%
11 | 40 pas
85%
30 | 187 mon
84%
7 Mais
83%
58 | 122 mais
83%
29 | 66 toi
82%
73 | 90 toi.
82%
74 Toi
82%
17 | 19 un
82%
4 | 77 | 80 mes
81%
12 | 192 peur.
81%
46 | 101 dans
80%
22 | 51 par
80%
65 Pour
80%
148 | 151 | 215 | 218 que
80%
93 | 105 suis
79%
53 Les
78%
55 | 170 les
78%
47 | 166 ta
78%
13 Tout
78%
36 voila,
78%
140 voila
78%
25 | 129 sais
77%
87 | 135 j’ai
76%
121 | 164 moi,
76%
169 | 207 moi
76%
56 | 191 plus
76%
16 comme
75%
6 | 138 trembler.
75%
127 vie.
75%
130 | 159 enfin
74%
75 qui
74%
31 ami
73%
23 coeur.
73%
153 esperais.
73%
220 | 222 espérais.
73%
174 forte.
73%
33 toujours.
73%
150 attendais,
72%
217 attendais
72%
59 pourquoi
72%
131 pourquoi.
72%
147 | 214 réponse
72%
2 sens
72%
115 | 181 une
72%
5 mains
71%
21 appris
70%
43 détour.
70%
41 fait
70%
78 jours
70%
81 nuits
70%
20 poème
70%
14 semble
70%
88 besoin
69%
61 cacher.
69%
82 depuis
69%
48 forteresse,
69%
76 hante
69%
83 longtemps.
69%
52 milliers.
69%
183 rêve
69%
15 familier,
68%
68 partout.
68%
161 voir.
68%
18 chant,
67%
3 déjà
67%
136 fini
67%
72 montre
67%
50 secrets
67%
201 est
66%
194 ne
65%
142 veux
65%
67 j’irais
64%
158 vais
64%
108 faire
63%
110 grand
63%
45 protèges
63%
49 tes
63%
102 cette
62%
106 prête
62%
111 saut.
62%
162 Viens
62%
165 ouvre
61%
167 porte.
61%
143 savoir.
61%
173 serai
61%
171 bras,
60%
57 fous
60%
54 rêves
60%
103 solitude
60%
114 sur
60%
116 autre
59%
163 jusqu’a
59%
123 aujourd’hui
58%
99 bientôt.
58%
125 change
58%
120 chez
58%
119 même
58%
117 planète,
58%
118 étrangère
57%
188 enfant
56%
113 étais
56%
94 pleine
56%
175 Quand
56%
168 Tends
56%
177 vent
56%
96 certitudes,
55%
180 danser,
55%
193 Rien
55%
179 vient
55%
212 C’est
54%
98 comprendrai
54%
178 frais
52%
202 si
52%
210 sans
49%
186 Dort
48%
182 maman
48%
195 meurt.
48%
184 toute
48%
185 éveillée.
45%
209 oiseau
44%
200 promesse
43%
211 ailes.
42%
203 belle.
42%
91 Aaaaah
33%
190 aies
27%
Aucun quiz correspondant
Distribution des résultats
% des personnes avec chaque résultat
Percentile par nombre de réponses
Votre historique - résultats
Vous n’avez pas pris ce quiz